[Event "Mechanics' Spring TNM; 30/90, SD/30"]
[Site "San Francisco"]
[Date "2011.03.29"]
[Round "3.14"]
[White "Curto, Wayne"]
[Black "Bertot, German"]
[Result "1-0"]
[WhiteElo "1900"]
[BlackElo "1590"]
[PlyCount "58"]
[EventDate "2011.??.??"]

1. d4 d5 2. Nf3 Nf6 3. e3 e6 4. Bd3 Bd6 5. Nbd2 Nbd7 6. e4 dxe4 7. Nxe4 Nxe4 8.
Bxe4 Nf6 9. Bd3 O-O 10. O-O c5 11. Be3 Qc7 12. dxc5 Bxc5 13. Bg5 Be7 14. Qe2 b6
15. Rac1 Bb7 16. Ne5 Rad8 17. c4 Qc5 18. Bh4 Nd7 19. Bxe7 Qxe7 20. Nxd7 Qxd7
21. Rfd1 Qc6 22. f3 Qc5+ 23. Qf2 Qxf2+ 24. Kxf2 f6 25. c5 bxc5 26. Rxc5 Rc8 27.
Rdc1 Rxc5 28. Rxc5 Rc8 29. Rxc8+ Bxc8 1-0

[Event "Mechanics' Spring TNM; 30/90, SD/30"]
[Site "San Francisco"]
[Date "2011.03.15"]
[Round "1.15"]
[White "Curto, Wayne"]
[Black "Cheng, Andrew"]
[Result "1-0"]
[WhiteElo "1900"]
[BlackElo "1417"]
[PlyCount "65"]
[EventDate "2011.??.??"]

1. d4 d5 2. Nf3 Bg4 3. Ne5 Nf6 4. Nxg4 Nxg4 5. e4 Nxf2 $4 6. Kxf2 dxe4 7. Bc4
Nd7 8. Qh5 g6 9. Qd5 e6 10. Qxe4 c6 11. Rf1 Bg7 12. Kg1 O-O 13. c3 Nf6 14. Qh4
Nd5 15. Qxd8 Raxd8 16. Bxd5 exd5 17. Re1 Rfe8 18. Rxe8+ Rxe8 19. Kf2 f5 20. Nd2
Kf7 21. Nf3 Bf6 22. Bf4 Kg7 23. Be5 Kf7 24. Bxf6 Kxf6 25. Re1 Rxe1 26. Kxe1 g5
27. Ke2 f4 28. Ne5 h5 29. Kf3 Kf5 30. h3 Ke6 31. h4 Kf5 32. hxg5 Kxg5 33. Nd3
1-0

[Event "Mechanics' Spring TNM; 30/90, SD/30"]
[Site "San Francisco"]
[Date "2011.04.12"]
[Round "5.12"]
[White "Curto, Wayne"]
[Black "Krienke, Jason"]
[Result "0-1"]
[WhiteElo "1900"]
[BlackElo "1694"]
[PlyCount "56"]
[EventDate "2011.??.??"]

1. d4 d5 2. Nf3 Nf6 3. e3 c6 4. Bd3 e6 5. Ne5 Nbd7 6. f4 c5 7. c3 cxd4 8. exd4
Be7 9. O-O O-O 10. Rf3 Ne4 11. Rh3 f6 12. Nxd7 Bxd7 13. Qh5 h6 14. Bxe4 dxe4
15. Qg6 Qe8 16. Qxe4 e5 17. Re3 exf4 18. Qxf4 Bc6 19. Na3 Qh5 20. Bd2 Bxa3 21.
bxa3 Qd5 22. Qg4 f5 23. Qh3 f4 24. Re5 f3 25. Rxd5 f2+ 26. Kf1 Bxd5 27. Re1 (
27. Qd3) 27... Bc4+ 28. Re2 Bxe2+ 0-1

[Event "Mechanics' Spring TNM; 30/90, SD/30"]
[Site "San Francisco"]
[Date "2011.04.26"]
[Round "7.13"]
[White "Curto, Wayne"]
[Black "Montoya, Daniel"]
[Result "1/2-1/2"]
[WhiteElo "1900"]
[BlackElo "1613"]
[PlyCount "81"]
[EventDate "2011.??.??"]

1. d4 d5 2. Nf3 Nc6 3. Bf4 Nf6 4. h3 Bf5 5. e3 e6 6. Bb5 Bd6 7. Ne5 Bxe5 8.
Bxe5 O-O 9. Bh2 Rc8 10. c3 Ne7 11. O-O c5 12. Bd3 cxd4 13. exd4 Qb6 14. b3 Rc6
15. Bxf5 Nxf5 16. Qd3 Rfc8 17. f3 Ne8 18. g4 Nfd6 19. Bf4 Nb5 20. Be3 Nxc3 21.
Bd2 Nxb1 22. Raxb1 Qa6 23. Qxa6 Rxa6 24. Rb2 Nd6 25. a4 Rac6 26. Kf2 Rc2 27.
Rxc2 Rxc2 28. Ke3 Kf8 29. Kd3 Rc6 30. Bb4 Ke8 31. h4 Kd7 32. h5 Nc8 33. Bf8 g6
34. hxg6 hxg6 35. Rh1 Nd6 36. Rh7 Rc7 37. Bh6 Kc6 38. Bf4 Rd7 39. Rh1 b6 40.
Rc1+ Kb7 41. Be5 1/2-1/2

[Event "Mechanics' Spring TNM; 30/90, SD/30"]
[Site "San Francisco"]
[Date "2011.03.29"]
[Round "3.20"]
[White "Davies, Daniel"]
[Black "Chalissery, Jossy"]
[Result "1-0"]
[WhiteElo "1555"]
[BlackElo "1737"]
[PlyCount "83"]
[EventDate "2011.??.??"]

1. e4 b6 2. d4 Bb7 3. Bd3 e6 4. Nf3 c5 5. Bf4 cxd4 6. Nxd4 Nc6 7. Nb5 e5 8. Be3
Nf6 9. N1c3 a6 10. Na3 b5 11. Naxb5 axb5 12. Bxb5 Bb4 13. O-O O-O 14. Nd5 Nxd5
15. exd5 Na7 16. Bd3 Qh4 17. c4 d6 $4 (17... e4 $19) 18. Qb3 Bxd5 19. cxd5 Ba5
20. Qc4 Qxc4 21. Bxc4 f5 22. f3 Rfb8 23. b3 Bb6 24. Bxb6 Rxb6 25. a4 Rb4 26.
Rfc1 Nc8 27. a5 Na7 28. a6 Nb5 29. Ra5 Nd4 30. Ra3 Nb5 31. Bxb5 Rxb5 32. Rc6
Rxd5 33. Rb6 Rc5 34. a7 Rcc8 35. Rb7 d5 36. b4 d4 37. Rd7 Rc4 38. b5 e4 39.
fxe4 fxe4 40. b6 e3 41. Ra1 Rb4 42. Rb7 1-0

[Event "Mechanics' Spring TNM; 30/90, SD/30"]
[Site "San Francisco"]
[Date "2011.05.03"]
[Round "8.8"]
[White "Dembling, Arthur"]
[Black "Abraham, Renjish"]
[Result "1/2-1/2"]
[WhiteElo "1848"]
[BlackElo "1807"]
[PlyCount "120"]
[EventDate "2011.??.??"]

1. e4 c5 2. Nf3 d6 3. Bb5+ Bd7 4. Bxd7+ Nxd7 5. O-O Ngf6 6. d3 g6 7. Ng5 Bg7 8.
f4 h6 9. Nh3 Qb6 10. Kh1 e5 11. Nd2 a6 12. Nc4 Qc7 13. Bd2 O-O 14. f5 g5 15. g4
d5 16. Ne3 dxe4 17. dxe4 Qc6 18. Nf2 Nxe4 19. Nxe4 Qxe4+ 20. Kg1 Nf6 21. Re1
Rfd8 22. Qe2 Nd5 23. Nxd5 Qxe2 24. Rxe2 Rxd5 25. Bc3 f6 26. a4 Rad8 27. Kg2 Bf8
28. h4 R8d7 29. hxg5 hxg5 30. Rh1 b5 31. axb5 axb5 32. b3 c4 33. bxc4 bxc4 34.
Kf3 Rd1 35. Rxd1 Rxd1 36. Ke4 Rg1 37. Kf3 Rf1+ 38. Rf2 e4+ 39. Ke2 Rg1 40. Bxf6
Rxg4 41. Be5 Bc5 42. Rh2 Rh4 43. Rg2 g4 44. Bf6 Rh5 45. Rxg4+ Kf7 46. Bh4 Rxf5
47. Rxe4 c3 48. Kd3 Rf3+ 49. Kc4 Bd6 50. Be1 Rf4 51. Rxf4+ Bxf4 52. Bxc3 Ke8
53. Kd5 Kd7 54. Ba5 Kc8 55. c4 Bh2 56. Kc6 Bg3 57. Bb6 Bh2 58. Bd4 Bg3 59. Kd5
Bh2 60. c5 Bg3 1/2-1/2

[Event "Mechanics' Spring TNM; 30/90, SD/30"]
[Site "San Francisco"]
[Date "2011.04.19"]
[Round "6.15"]
[White "Dembling, Arthur"]
[Black "Harris, John"]
[Result "1-0"]
[WhiteElo "1848"]
[BlackElo "1722"]
[PlyCount "115"]
[EventDate "2011.??.??"]

1. e4 e5 2. Nf3 Nf6 3. Nxe5 d6 4. Nf3 Nxe4 5. Nc3 Nxc3 6. dxc3 Be7 7. Bf4 Nc6
8. Qd2 Bf5 9. O-O-O Qd7 10. Kb1 a6 11. h3 h5 12. Bc4 O-O-O 13. Rhe1 Bf6 14. Ng5
Bxg5 15. Bxg5 f6 16. Bf4 h4 17. f3 Ne5 18. Bd5 Rhe8 19. Re2 Qb5 20. Bxe5 dxe5
21. c4 Qb6 22. Qe1 c6 23. Be4 Be6 24. Bd3 Rd4 25. Re4 g5 26. c3 Rd7 27. Bc2
Rxd1+ 28. Qxd1 Rd8 29. Qe1 c5 30. Qe2 Qd6 31. Kc1 b5 32. cxb5 Bf5 33. Ra4 Bxc2
34. Kxc2 axb5 35. Ra8+ Kc7 36. Rxd8 Kxd8 37. Qxb5 Kc7 38. a4 Qd5 39. a5 e4 40.
Qb6+ Kc8 41. Qa6+ Kc7 42. Qa7+ Kc8 43. Qa6+ Kc7 44. Qe2 exf3 45. Qxf3 Qd6 46.
Qe4 Kb8 47. Kb3 Ka7 48. Qc4 Qc6 49. Qe2 Qd5+ 50. Kc2 Qd7 51. Qe3 Qa4+ 52. Kd2
Qxa5 53. Qe7+ Kb8 54. Qxf6 c4 55. Qd6+ Kc8 56. Qc6+ Qc7 57. Qxc7+ Kxc7 58. Ke3
1-0

[Event "Mechanics' Spring TNM; 30/90, SD/30"]
[Site "San Francisco"]
[Date "2011.03.23"]
[Round "2.10"]
[White "Dembling, Arthur"]
[Black "Krienke, Jason"]
[Result "1/2-1/2"]
[WhiteElo "1848"]
[BlackElo "1700"]
[PlyCount "93"]
[EventDate "2011.??.??"]

1. e4 e5 2. Nf3 Nc6 3. Bb5 Nf6 4. O-O d6 5. Re1 Be7 6. d4 Bd7 7. Nc3 exd4 8.
Nxd4 Ne5 9. Bxd7+ Qxd7 10. h3 O-O 11. Bg5 h6 12. Be3 Ng6 13. Nf5 Rad8 14. Qd2
Rfe8 15. Rad1 Bf8 16. Bd4 Nh7 17. Be3 Ne7 18. Nd4 Nc6 19. Nf3 Nf6 20. Bf4 a6
21. e5 Nh5 22. Bh2 Qf5 23. Qd3 Qxd3 24. Rxd3 dxe5 25. Rxd8 Rxd8 26. Bxe5 Nxe5
27. Rxe5 Nf6 28. Kf1 Bb4 29. Ne4 Nxe4 30. Rxe4 Ba5 31. Ke2 Kf8 32. c3 Re8 33.
Rxe8+ Kxe8 34. Nd4 Ke7 35. Kd3 Bb6 36. f3 Bxd4 37. Kxd4 Kd6 38. c4 c5+ 39. Ke4
b5 40. b3 Ke6 41. h4 f5+ 42. Kf4 Kf6 43. h5 Ke6 44. g3 Kf6 45. g4 fxg4 46. fxg4
b4 47. Ke4 1/2-1/2

[Event "Mechanics' Spring TNM; 30/90, SD/30"]
[Site "San Francisco"]
[Date "2011.04.05"]
[Round "4.11"]
[White "Eytan, David"]
[Black "James, Charles"]
[Result "0-1"]
[WhiteElo "1900"]
[BlackElo "1359"]
[PlyCount "54"]
[EventDate "2011.??.??"]

1. e4 e6 2. Nf3 d5 3. exd5 exd5 4. b3 Nc6 5. Bb5 Bd7 6. Bb2 Nf6 7. O-O Be7 8.
Nc3 O-O 9. Re1 Re8 10. Ne2 Bd6 11. h3 Ne5 12. Ned4 c5 13. Bxd7 Qxd7 14. Nxe5
Bxe5 15. Rxe5 Rxe5 16. Nf3 Re6 17. Ng5 Rc6 18. d4 c4 19. bxc4 Rxc4 20. Rb1 Qf5
21. Nf3 Rxc2 22. Bc1 Rxa2 23. -- Qc2 24. Qxc2 Rxc2 25. Be3 a5 26. Ne5 a4 27. --
a3 0-1

[Event "Mechanics' Spring TNM; 30/90, SD/30"]
[Site "San Francisco"]
[Date "2011.03.23"]
[Round "2.5"]
[White "Eytan, David"]
[Black "Klinetobe, David"]
[Result "0-1"]
[WhiteElo "1900"]
[BlackElo "2018"]
[PlyCount "96"]
[EventDate "2011.??.??"]

1. e4 e6 2. Nc3 d5 3. exd5 exd5 4. d4 Bb4 5. Bd2 Nf6 6. Nce2 Bxd2+ 7. Qxd2 Ne4
8. Qe3 O-O 9. f3 Nd6 10. O-O-O Re8 11. Qc3 Nc6 12. h4 Nc4 13. Nf4 Ne3 14. Bd3
Nxd1 15. Kxd1 Qd6 16. Nge2 Nb4 17. a3 Nxd3 18. Qxd3 c6 19. h5 h6 20. g4 Qe7 21.
Ng2 a5 22. Nef4 Qf6 23. Nh3 b6 24. Ngf4 Ba6 25. Qd2 Ra7 26. Rg1 Rae7 27. g5
hxg5 28. Nxg5 Qh6 29. c3 Bc4 30. Qc2 Re3 31. Qf5 f6 32. Nge6 R8xe6 33. Nxe6
Bb3+ 34. Kd2 Rxf3+ 35. Nf4 Qxf4+ 36. Qxf4 Rxf4 37. h6 g5 38. Re1 Re4 39. Rf1
Kf7 40. Rf5 Rh4 41. Ke3 Rxh6 42. Kf3 Bc2 43. Rf4 gxf4 44. Kxf4 a4 45. Kg4 Kg6
46. Kf4 Rh4+ 47. Kf3 f5 48. Kg3 Kg5 0-1

[Event "Mechanics' Spring TNM; 30/90, SD/30"]
[Site "San Francisco"]
[Date "2011.04.19"]
[Round "6.7"]
[White "Eytan, David"]
[Black "Margulis, Igor"]
[Result "0-1"]
[WhiteElo "1900"]
[BlackElo "2100"]
[PlyCount "105"]
[EventDate "2011.??.??"]

1. e4 d5 2. e5 c5 3. f4 Nc6 4. Nf3 Bg4 5. Bb5 Qb6 6. Bxc6+ Qxc6 7. O-O e6 8.
Nc3 Ne7 9. Ne2 Nf5 10. c3 c4 11. d4 cxd3 12. Qxd3 h5 13. Ned4 Qb6 14. Ng5 Nxd4
15. cxd4 Be7 16. Be3 Bf5 17. Qe2 Bxg5 18. fxg5 Rc8 19. Rac1 Ke7 20. Rc3 Rxc3
21. bxc3 g6 22. Bc1 Qa5 23. Qb2 b6 24. h4 Rc8 25. Rf3 Ke8 26. Qb3 Rc4 27. Ba3
Ra4 28. Bb4 Qb5 29. Rf2 a5 30. Bd6 Qxb3 31. axb3 Ra1+ 32. Kh2 Rb1 33. b4 a4 34.
b5 Bd3 35. Bc7 a3 36. Ra2 Rb3 37. Bd6 Rxb5 38. Bb4 Kd7 39. Rxa3 Kc6 40. Ra7
Rxb4 41. cxb4 Kb5 42. Rxf7 Kc4 43. Re7 Bf5 44. b5 Kxd4 45. Rc7 Kxe5 46. Rc6 d4
47. Rxb6 d3 48. Ra6 d2 49. Ra1 Bc2 50. b6 Kd6 51. Kg3 d1=Q 52. Rxd1+ Bxd1 53.
Kf4 {remainder illegible. B won in 67.} 0-1

[Event "Mechanics' Spring TNM; 30/90, SD/30"]
[Site "San Francisco"]
[Date "2011.05.03"]
[Round "8.20"]
[White "Frank, Robert"]
[Black "Hilliard, Michael"]
[Result "1-0"]
[WhiteElo "1295"]
[BlackElo "1478"]
[PlyCount "87"]
[EventDate "2011.??.??"]

1. d4 d5 2. Nf3 Nf6 3. e3 e6 4. Bd3 c5 5. c3 Nc6 6. Nbd2 cxd4 7. cxd4 Nb4 8.
Bb1 g6 9. a3 Nc6 10. O-O Bg7 11. b4 O-O 12. Nb3 b6 13. b5 Ne7 14. Ne5 Bb7 15.
a4 Rc8 16. a5 Rc7 17. a6 Bc8 18. Re1 Nd7 19. f4 f6 20. Nf3 Nf5 21. e4 Nd6 22.
Ba3 Nxb5 23. Bxf8 Qxf8 24. exd5 exd5 25. Bd3 Qb4 26. Bxb5 Qxb5 27. Re8+ Nf8 28.
Re3 f5 29. Qe2 Qxe2 30. Rxe2 Ne6 31. g3 Rc3 32. Nbd2 Rd3 33. Ra4 Kf7 34. Ne5+
Bxe5 35. dxe5 Nc5 36. Ra1 Ke6 37. Kf2 Bd7 38. Ke1 Ne4 39. Rc1 Rc3 40. Rxc3 Nxc3
41. Rg2 h5 42. Nf3 Bb5 43. Rc2 Ne4 44. Nd4+ 1-0

[Event "Mechanics' Spring TNM; 30/90, SD/30"]
[Site "San Francisco"]
[Date "2011.04.19"]
[Round "6.21"]
[White "Frank, Robert"]
[Black "Morgan, Jerry"]
[Result "1/2-1/2"]
[WhiteElo "1295"]
[BlackElo "1538"]
[PlyCount "89"]
[EventDate "2011.??.??"]

1. d4 f5 2. g3 Nf6 3. Bg2 g6 4. Nf3 Bg7 5. c4 O-O 6. Nc3 d6 7. Qb3 c6 8. O-O
Qe8 9. d5 Na6 10. dxc6 bxc6 11. Nd4 Nc5 12. Qd1 Bd7 13. b4 Nce4 14. Bb2 e5 15.
Nb3 Qe6 16. Qd3 Rab8 17. f3 Ng5 18. b5 e4 19. Qe3 exf3 20. Qxe6+ Nxe6 21. Bxf3
cxb5 22. cxb5 Bxb5 23. Rad1 Ne4 24. Bxe4 fxe4 25. Rxd6 Rxf1+ 26. Kxf1 Rf8+ 27.
Ke1 Bc4 28. Nd1 Ng5 29. Bxg7 Kxg7 30. Rd7+ Rf7 31. Rxf7+ Kxf7 32. h4 Ne6 33.
Ne3 Bb5 34. Na5 Nc5 35. Nac4 Ke6 36. Kd2 Bxc4 37. Nxc4 Kd5 38. Kc3 Ne6 39. e3
Ng7 40. Nd2 Nf5 41. Nf1 Kc5 42. a4 a6 43. Kb3 a5 44. Kc3 Kd5 45. Kb3 1/2-1/2

[Event "Mechanics' Spring TNM; 30/90, SD/30"]
[Site "San Francisco"]
[Date "2011.03.29"]
[Round "3.16"]
[White "Frank, Robert"]
[Black "Ramachandran, Jayakrishnan"]
[Result "0-1"]
[WhiteElo "1295"]
[BlackElo "1852"]
[PlyCount "78"]
[EventDate "2011.??.??"]

1. d4 Nf6 2. Nf3 e6 3. e3 d5 4. Bd3 Nbd7 5. Nbd2 b6 6. e4 dxe4 7. Nxe4 Bb7 8.
Bg5 Be7 9. Nxf6+ Nxf6 10. c3 O-O 11. O-O a5 12. a4 Nd7 13. Bxe7 Qxe7 14. Ne5
Nxe5 15. dxe5 Qg5 16. g3 Qxe5 17. Qe2 Qf6 18. Be4 Bxe4 19. Qxe4 Rfd8 20. Rad1
Rac8 21. f4 g6 22. Qe5 Qxe5 23. fxe5 Kf8 24. Kf2 Ke7 25. Ke3 Rxd1 26. Rxd1 Rd8
27. Rxd8 Kxd8 28. g4 h6 29. h4 g5 30. h5 Ke7 31. c4 Kd7 32. Kd4 Kc6 33. b3 Kd7
34. c5 Kc6 35. cxb6 Kxb6 36. Kc4 c5 37. Kd3 Kc7 38. Kc3 Kd7 39. Kc4 Kc6 0-1

[Event "Mechanics' Spring TNM; 30/90, SD/30"]
[Site "San Francisco"]
[Date "2011.03.15"]
[Round "1.9"]
[White "Grey, Peter"]
[Black "Davies, Daniel"]
[Result "1-0"]
[WhiteElo "2003"]
[BlackElo "1555"]
[PlyCount "123"]
[EventDate "2011.??.??"]

1. Nf3 d5 2. d4 Nf6 3. c4 e6 4. g3 c6 5. Bg2 Nbd7 6. O-O Bd6 7. Qc2 O-O 8. Nbd2
e5 9. cxd5 Nxd5 10. Ne4 Bc7 11. Rd1 exd4 12. Nxd4 Qe7 13. Nf5 Qe5 14. Ne3 N7f6
15. Nxd5 Nxd5 16. Ng5 Bf5 17. e4 Bg6 18. Qb3 Nb6 19. a4 Qc5 20. Be3 Qc4 21. Qa3
Rfd8 22. Rxd8+ Bxd8 23. Bf1 Qxa4 24. Qxa4 Nxa4 25. Rxa4 c5 26. Bxc5 Bxg5 27. f4
Bd8 28. f5 Bh5 29. Rxa7 Rxa7 30. Bxa7 Bc7 31. Bd4 f6 32. Kf2 Kf8 33. h3 Ke7 34.
g4 Be8 35. h4 h6 36. Kf3 Ba4 37. Be2 Bd6 38. g5 hxg5 39. hxg5 Bc6 40. b3 Be8
41. gxf6+ gxf6 42. Bc4 Bh5+ 43. Ke3 Be8 44. Bd5 b5 45. Kd3 Bd7 46. Kc3 Be8 47.
b4 Be5 48. Kd3 Bd7 49. Bc5+ Ke8 50. Bb7 Kd8 51. Bd4 Ke7 52. Bxe5 fxe5 53. Ke3
Kf6 54. Kf3 Be8 55. Kg3 Bf7 56. Kg4 Bc4 57. Kh5 Bf7+ 58. Kh6 Bg8 59. Bc6 Bc4
60. Kh7 Bd3 61. Kg8 Bc4+ 62. Kf8 1-0

[Event "Mechanics' Spring TNM; 30/90, SD/30"]
[Site "San Francisco"]
[Date "2011.04.12"]
[Round "5.7"]
[White "Grey, Peter"]
[Black "Morrison, Kyle"]
[Result "0-1"]
[WhiteElo "2003"]
[BlackElo "2249"]
[Annotator "Donaldson"]
[PlyCount "104"]
[EventDate "2011.??.??"]

1. e4 c5 2. Nf3 d6 3. d4 cxd4 4. Nxd4 Nf6 5. Nc3 a6 6. Bg5 e6 7. f4 Qb6 8. Qd2
Nc6 9. O-O-O Nxd4 10. Qxd4 Qxd4 11. Rxd4 Be7 12. Be2 Bd7 13. Bf3 Bc6 14. Re1 h6
15. Bh4 g5 16. fxg5 Nd7 17. Bg3 hxg5 18. Nd5 $5 (18. Bxd6 Bxd6 19. Rxd6 Rxh2)
18... Bxd5 19. exd5 e5 20. Rdd1 $6 {The Rook should not retreat to the back
rank but instead be used more aggressively.} (20. Rb4 {and}) (20. Rc4 {
both make sense.}) 20... f5 21. h3 e4 22. Be2 f4 23. Bf2 e3 24. Bg1 Ne5 25. Rf1
Kd7 26. Rd4 Raf8 27. Kd1 Bd8 28. Rb4 Kc8 29. a4 Ba5 30. Re4 Bb6 31. Bh2 Kc7 32.
b4 a5 33. c3 Kb8 34. Kc2 Rc8 35. Kb3 Rc7 36. b5 $2 {
White was worse but text hastens the end.} Rcc8 37. c4 Rcf8 38. Kc2 Kc7 39. Kd1
Bc5 40. Kc2 Kd8 41. Kd1 Rf7 42. Bg1 b6 43. Bh2 Re7 44. Bg1 Ng6 45. Rxe7 Kxe7
46. Bh2 Kf6 47. Bd3 Rh6 48. Bxg6 Kxg6 49. Ke2 Kf5 50. Kf3 Rh4 51. Bg1 Ke5 52.
Re1 Kd4 0-1

[Event "Mechanics' Spring TNM; 30/90, SD/30"]
[Site "San Francisco"]
[Date "2011.04.19"]
[Round "6.11"]
[White "Grey, Peter"]
[Black "Newey, Richard"]
[Result "1-0"]
[WhiteElo "2003"]
[BlackElo "1735"]
[PlyCount "41"]
[EventDate "2011.??.??"]

1. e4 e5 2. Nf3 Nf6 3. Nxe5 d6 4. Nf3 Nxe4 5. d4 d5 6. Bd3 Be7 7. O-O O-O 8.
Re1 f5 9. c4 c6 10. Nc3 Nxc3 11. bxc3 Nd7 12. Qb3 dxc4 13. Bxc4+ Kh8 14. Bf4
Bf6 15. Bd6 Re8 16. Rxe8+ Qxe8 17. Bf7 Qd8 18. Re1 Ne5 $2 (18... Nf8 19. Bxf8
Bd7) 19. Bxe5 Bd7 20. Bxf6 Qxf6 21. Ne5 1-0

[Event "Mechanics' Spring TNM; 30/90, SD/30"]
[Site "San Francisco"]
[Date "2011.03.29"]
[Round "3.1"]
[White "Grey, Peter"]
[Black "Wong, Russell"]
[Result "1/2-1/2"]
[WhiteElo "2003"]
[BlackElo "2200"]
[PlyCount "84"]
[EventDate "2011.??.??"]

1. e4 d6 2. d4 g6 3. Nc3 Bg7 4. Be3 c6 5. Qd2 Qa5 6. Nf3 Nf6 7. h3 b5 8. Bd3
Nbd7 9. Ne2 Qxd2+ 10. Nxd2 a5 11. O-O O-O 12. a4 b4 13. c4 Ba6 14. b3 Ne8 15.
Rad1 Nc7 16. Nf3 Rfd8 17. Rfe1 h6 18. Bc2 d5 19. cxd5 cxd5 20. e5 Ne6 21. Bd3
Bxd3 22. Rxd3 Rdc8 23. Rdd1 Nb6 24. Rc1 Kf8 25. Rxc8+ Rxc8 26. Rc1 Rxc1+ 27.
Nxc1 Ke8 28. Nd3 Kd7 29. Kf1 Nc8 30. Ke2 Na7 31. Nf4 Nxf4+ 32. Bxf4 Nc6 33. Ke3
g5 34. Bh2 f6 35. exf6 exf6 36. g4 Ke6 37. h4 Ne7 38. hxg5 fxg5 39. Ne1 Bf6 40.
Ng2 Ng6 41. f4 Kd7 42. fxg5 hxg5 1/2-1/2

[Event "Mechanics' Spring TNM; 30/90, SD/30"]
[Site "San Francisco"]
[Date "2011.03.29"]
[Round "3.10"]
[White "Harris, John"]
[Black "Belanoff, Ted"]
[Result "0-1"]
[WhiteElo "1722"]
[BlackElo "2011"]
[PlyCount "106"]
[EventDate "2011.??.??"]

1. e4 e5 2. Nf3 Nc6 3. d4 exd4 4. Nxd4 Bc5 5. Be3 Qf6 6. c3 Nge7 7. Bc4 a6 8.
O-O Ne5 9. Be2 Qg6 10. f4 Qxe4 11. Bf2 Qxf4 12. Ne6 dxe6 13. Bxc5 Qg5 14. Bf2
Nf5 15. h4 Qe7 16. Qa4+ Bd7 17. Qe4 Nc6 18. b4 Nd6 19. Qc2 e5 20. Nd2 O-O 21.
a4 Bf5 22. Qb2 Nd8 23. Bc5 Bd7 24. Ne4 Ne6 25. Nxd6 cxd6 26. Bf2 Nf4 27. g3
Nh3+ 28. Kh2 Nxf2 29. Rxf2 Rac8 30. b5 a5 31. Re1 Qe6 32. Bf1 Rc5 33. Bg2 b6
34. Qd2 d5 35. Rd1 e4 36. Qd4 Rfc8 37. Bxe4 dxe4 38. Qxd7 e3 39. Re2 Qxd7 40.
Rxd7 Rxc3 41. Re7 Kf8 42. R7xe3 Rxe3 43. Rxe3 Rc4 44. Ra3 h5 45. Kg2 f6 46. Kf2
Kf7 47. Ke2 g5 48. hxg5 fxg5 49. Rd3 Ke6 50. Rd8 Rxa4 51. Rh8 Rb4 52. Rh6+ Kf5
53. Rxb6 Kg4 0-1

[Event "Mechanics' Spring TNM; 30/90, SD/30"]
[Site "San Francisco"]
[Date "2011.04.26"]
[Round "7.16"]
[White "Harris, John"]
[Black "MacIntyre, Brendan"]
[Result "1/2-1/2"]
[WhiteElo "1722"]
[BlackElo "1646"]
[PlyCount "91"]
[EventDate "2011.??.??"]

1. e4 c5 2. Nf3 Nc6 3. Bb5 g6 4. O-O Bg7 5. Re1 e6 6. Bxc6 dxc6 7. d3 Ne7 8.
Nbd2 O-O 9. Nc4 Qc7 10. g3 b5 11. Bf4 Qd8 12. Nce5 f6 13. Ng4 e5 14. Nh6+ Kh8
15. Be3 Ng8 16. Nxg8 Rxg8 17. Bxc5 Bg4 18. Kg2 Qd7 19. Qd2 Bh3+ 20. Kh1 Rad8
21. Ng1 Be6 22. Qa5 Ra8 23. Kg2 Bf8 24. Be3 c5 25. a4 Rb8 26. axb5 Rxb5 27. Qc3
Qb7 28. Reb1 Bd6 29. Qa3 Ra8 30. Qa6 Qd7 31. Qa4 Qb7 32. Qa6 Qd7 33. c4 Rb3 34.
Ra3 Rab8 35. Rd1 R8b7 36. Rd2 Rxb2 37. Rxb2 Rxb2 38. Qxa7 Qxa7 39. Rxa7 Rb3 40.
Bh6 Kg8 41. Rg7+ Kh8 42. Ra7 Rxd3 43. Ra8+ Bg8 44. Ra7 Bxc4 45. Ra8+ Bg8 46.
Ra7 1/2-1/2

[Event "Mechanics' Spring TNM; 30/90, SD/30"]
[Site "San Francisco"]
[Date "2011.04.12"]
[Round "5.10"]
[White "Harris, John"]
[Black "Ochoa, Jason"]
[Result "0-1"]
[WhiteElo "1722"]
[BlackElo "1926"]
[Annotator "Donaldson"]
[PlyCount "94"]
[EventDate "2011.??.??"]

1. e4 Nc6 2. Nf3 e5 3. d4 exd4 4. Nxd4 Nf6 5. Nxc6 bxc6 6. e5 Qe7 7. Qe2 Nd5 8.
c4 Ba6 9. b3 Qh4 10. Bb2 Bb4+ 11. Nd2 Nf4 12. Qf3 Ne6 13. O-O-O Qe7 14. Nb1 Rb8
15. a3 Qg5+ 16. Kc2 Be7 17. h4 Qf4 18. Qxf4 Nxf4 19. Nc3 Bb7 20. g3 Ne6 21. Bh3
a5 22. Na4 c5 23. Rhe1 Bc6 24. Bxe6 fxe6 25. Nc3 O-O 26. f4 Rb7 27. a4 Rfb8 28.
Nb5 Bxb5 29. axb5 c6 30. b6 Rxb6 31. Rxd7 Kf7 32. Ra1 Rxb3 33. Bc3 R8b7 34.
Rxb7 Rxb7 35. Rxa5 Kg6 36. Ra6 Kf5 37. Rxc6 h5 38. Ra6 Rd7 39. Rc6 Ra7 40. Rb6
Ra2+ 41. Bb2 Ra7 42. Bc3 Rd7 43. Rc6 Bf8 44. Rc8 Be7 45. Rc6 g6 46. Ba5 Rd4 47.
Kc3 Bxh4 $4 {Both players quit keeping score here in mutual time pressure in
an equal position. The text is a suicidal try to win, that proved successful
when White later blundered.} 0-1

[Event "Mechanics' Spring TNM; 30/90, SD/30"]
[Site "San Francisco"]
[Date "2011.03.15"]
[Round "1.2"]
[White "Harris, John"]
[Black "Wong, Russell"]
[Result "0-1"]
[WhiteElo "1722"]
[BlackElo "2200"]
[PlyCount "74"]
[EventDate "2011.??.??"]

1. e4 Nf6 2. e5 Nd5 3. c4 Nb6 4. d4 d6 5. exd6 exd6 6. d5 Be7 7. a4 a5 8. Be2
O-O 9. Nf3 Re8 10. O-O Bg4 11. Ra3 Na6 12. Re3 Bf6 13. b3 Nd7 14. Rxe8+ Qxe8
15. Be3 Ndc5 16. Re1 Qd7 17. Nd4 Bxe2 18. Rxe2 Re8 19. Nc3 g6 20. Ndb5 Bg7 21.
Bd4 Rxe2 22. Nxe2 Qe7 23. Bxg7 Kxg7 24. Nbd4 Nb4 25. Ng3 Qf6 26. Nb5 Nbd3 27.
Qc2 c6 28. dxc6 bxc6 29. Nc3 Nxf2 30. Nf5+ gxf5 31. Kxf2 Qd4+ 32. Kf1 Qf4+ 33.
Kg1 Qe3+ 34. Kf1 Nd3 35. Qe2 Qf4+ 36. Qf3 Qxf3+ 37. gxf3 Nc5 0-1

[Event "Mechanics' Spring TNM; 30/90, SD/30"]
[Site "San Francisco"]
[Date "2011.04.05"]
[Round "4.18"]
[White "Hilliard, Michael"]
[Black "Harris, John"]
[Result "0-1"]
[WhiteElo "1478"]
[BlackElo "1722"]
[PlyCount "32"]
[EventDate "2011.??.??"]

1. d4 d5 2. Nf3 Nf6 3. e3 c5 4. c3 Nc6 5. Bd3 Bg4 6. Nbd2 e5 7. dxe5 Nxe5 8.
Bb1 Qc7 9. O-O O-O-O 10. a4 Kb8 11. a5 Ne4 12. a6 b6 13. Nxe4 Bxf3 14. gxf3
dxe4 15. Qa4 Nxf3+ 16. Kg2 Qxh2# 0-1

[Event "Mechanics' Spring TNM; 30/90, SD/30"]
[Site "San Francisco"]
[Date "2011.04.26"]
[Round "7.17"]
[White "Hilliard, Michael"]
[Black "Litowsky, Daniel"]
[Result "0-1"]
[WhiteElo "1478"]
[BlackElo "1700"]
[PlyCount "74"]
[EventDate "2011.??.??"]

1. d4 d5 2. Nf3 Nf6 3. e3 c6 4. Bd3 h6 5. Nbd2 Bg4 6. c4 e6 7. Qb3 Qb6 8. cxd5
exd5 9. Ne5 Be6 10. O-O Bd6 11. Ndf3 Nbd7 12. Bd2 Bxe5 13. Nxe5 Nxe5 14. dxe5
Ne4 15. Qc2 Nxd2 16. Qxd2 O-O 17. b3 Rfe8 18. Bc2 Rad8 19. Qd3 g6 20. Qe2 d4
21. Rae1 h5 22. Kh1 Qa5 23. Bb1 Qxe5 24. f4 Qc5 25. e4 Bg4 26. Qd3 Bc8 27. h3
b6 28. Rf3 Qa5 29. Ref1 Ba6 30. Qd1 Bxf1 31. Qxf1 Qc5 32. f5 Qe5 33. fxg6 fxg6
34. Qc4+ Re6 35. Rf5 gxf5 36. exf5 Qd5 37. Bd3 Re1+ 0-1

[Event "Mechanics' Spring TNM; 30/90, SD/30"]
[Site "San Francisco"]
[Date "2011.03.23"]
[Round "2.17"]
[White "Hilliard, Michael"]
[Black "Milliken, William"]
[Result "1-0"]
[WhiteElo "1478"]
[BlackElo "1679"]
[Annotator "Donaldson"]
[PlyCount "51"]
[EventDate "2011.??.??"]

1. d4 d5 2. Nf3 Nf6 3. e3 e6 4. Nbd2 b6 5. Bd3 Bb7 6. O-O Nbd7 7. Re1 c5 8. c3
Rc8 9. e4 dxe4 10. Nxe4 Be7 11. Bd2 (11. Bf4) 11... O-O 12. Nxf6+ (12. Qe2)
12... Nxf6 13. Be3 h6 $6 14. Ne5 Qd5 15. f3 c4 (15... cxd4 16. Bxd4 Bc5) 16.
Bc2 Rfd8 17. Qd2 Qb5 $2 (17... Bf8) 18. Rab1 (18. Bxh6 gxh6 19. Qxh6 Qxb2 20.
Rac1 {intending Ng4 was very strong.}) 18... Rc5 19. Qc1 Rcd5 20. Bxh6 gxh6 21.
Qxh6 R5d6 22. Bg6 $1 Rf8 23. Re3 $3 fxg6 24. Qxg6+ Kh8 25. f4 Be4 26. Rh3+ 1-0